Online
Catalog

Somnis i runa : (Record no. 878)

MARC details
000 -CABECERA
campo de control de longitud fija 00798nam a22002417a 4500
001 - NÚMERO DE CONTROL
campo de control 000000883
005 - FECHA Y HORA DE LA ÚLTIMA TRANSACCIÓN
campo de control 20200929145431.0
008 - DATOS DE LONGITUD FIJA--INFORMACIÓN GENERAL
campo de control de longitud fija 921020s1992 sp 001 0 cat
020 ## - NÚMERO INTERNACIONAL ESTÁNDAR DEL LIBRO
Número Internacional Estándar del Libro 8477393230
040 ## - FUENTE DE LA CATALOGACIÓN
Centro catalogador/agencia de origen DO-SdBNP
Centro/agencia transcriptor DLC
082 ## - NÚMERO DE LA CLASIFICACIÓN DECIMAL DEWEY
Número de clasificación 849.1008
Número de documento/Ítem C728s
100 1# - ENTRADA PRINCIPAL--NOMBRE DE PERSONA
Nombre de persona Comadira, Narcís,
Fechas asociadas al nombre 1942-
9 (RLIN) 3126
245 10 - MENCIÓN DE TÍTULO
Título Somnis i runa :
Resto del título una antología a cura de Rossend Arqués /
Mención de responsabilidad, etc. Narcís Comadira.
260 ## - PUBLICACIÓN, DISTRIBUCIÓN, ETC.
Lugar de publicación, distribución, etc. Barcelona :
Nombre del editor, distribuidor, etc. Proa,
Fecha de publicación, distribución, etc. 1992.
300 ## - DESCRIPCIÓN FÍSICA
Extensión liij, 150 p. ;
Dimensiones 18 cm.
490 1# - MENCIÓN DE SERIE
Mención de serie Ells Llibres de l'Ossa Menor ;
Designación de volumen o secuencia 161
650 #4 - PUNTO DE ACCESO ADICIONAL DE MATERIA--TÉRMINO DE MATERIA
Término de materia o nombre geográfico como elemento de entrada Poesía catalana
Localización del acontecimiento COLECCIONES
9 (RLIN) 3127
650 #4 - PUNTO DE ACCESO ADICIONAL DE MATERIA--TÉRMINO DE MATERIA
Término de materia o nombre geográfico como elemento de entrada Literatura catalana
9 (RLIN) 3128
650 #4 - PUNTO DE ACCESO ADICIONAL DE MATERIA--TÉRMINO DE MATERIA
Término de materia o nombre geográfico como elemento de entrada Antologías
9 (RLIN) 3129
700 1# - PUNTO DE ACCESO ADICIONAL--NOMBRE DE PERSONA
Nombre de persona Arquès, Rossend
Fechas asociadas al nombre (1953-)
9 (RLIN) 3130
830 #5 - PUNTO DE ACCESO ADICIONAL DE SERIE-TÍTULO UNIFORME
Título uniforme Ells Llibres de l'Ossa Menor ;
Designación de volumen o secuencia 161
9 (RLIN) 3131
910 ## - DATOS DE OPCIÓN DEL USUARIO (OCLC)
Datos de opción del usuario Catalogación por copia/ LC
Holdings
Estado de retiro Estado de pérdida No para préstamo Código de colección Localización permanente Ubicación/localización actual Ubicación en estantería Fecha de adquisición Número de inventario Total de préstamos Signatura topográfica completa Código de barras Fecha visto por última vez Precio válido a partir de Tipo de ítem Koha
    Préstamo en sala Dominicana de Servicio Biblioteca Nacional Pedro Henríquez Ureña Biblioteca Nacional Pedro Henríquez Ureña En catalogación 12.06.2009 LF1   849.1008 C728s 883-10 25.06.2020 25.06.2020 Libros y folletos

Powered by Koha